सरकारनामा (Record no. 530559)

MARC details
000 -LEADER
fixed length control field 00350nam a2200133Ia 4500
008 - FIXED-LENGTH DATA ELEMENTS--GENERAL INFORMATION
fixed length control field 100328s9999 xx 000 0 und d
082 ## - DEWEY DECIMAL CLASSIFICATION NUMBER
Item number 42053
100 ## - MAIN ENTRY--PERSONAL NAME
Personal name झणकर अजय
245 ## - TITLE STATEMENT
Title सरकारनामा
260 ## - PUBLICATION, DISTRIBUTION, ETC. (IMPRINT)
Name of publisher, distributor, etc ऋतु
630 ## - SUBJECT ADDED ENTRY--UNIFORM TITLE
Uniform title सरकारनामा
730 ## - ADDED ENTRY--UNIFORM TITLE
Uniform title सरकारनामा
942 ## - ADDED ENTRY ELEMENTS (KOHA)
Koha item type Book
Holdings
Withdrawn status Lost status Damaged status Not for loan Home library Current library Date acquired Total Checkouts Barcode Date last seen Price effective from Koha item type
        Rantagiri (Dist.) Nagar Vachanalaya Rantagiri (Dist.) Nagar Vachanalaya 03/28/2010   RNV-42053 03/28/2010 03/28/2010 Book